| 000 | 01279cab a2200265 4500 | ||
|---|---|---|---|
| 001 | ##L131343 | ||
| 008 | 051021n2005 000 0 eng u | ||
| 035 | _a(Sirsi) u131343 | ||
| 041 | 0 | _aeng | |
| 100 | 1 | _aMurdoch, John | |
| 245 | 0 | 0 | _aWhat lawyers argue about |
| 260 | 3 | _c2005 | |
| 490 | 0 |
_aEstates Gazette _v(0541) 15 October 2005, 203(1) |
|
| 520 | _aDiscusses indemnity clauses in development agreements, commenting on "Wiltshire CC v Crest Estate Ltd" ([2005] EWCA Civ 1059, L131040) in which CA was divided over the meaning of an indemnity clause in an agreement between a highway authority and a residential property developer. Concludes that a developer's indemnity to a local authority covers claims in respect of a highway's construction but not its use. | ||
| 590 | _aIKA251005 | ||
| 650 | 2 | 4 | _aCOMPULSORY PURCHASE ACT 1965 S10(1) |
| 650 | 2 | 4 | _aHIGHWAYS ACT 1980 |
| 650 | 2 | 4 | _aHAMMERSMITH AND CITY RAILWAY COMPANY V BRAND |
| 650 | 2 | 4 | _aWILDTREE HOTELS LTD AND OTHERS V HARROW LBC |
| 650 | 2 | 4 | _aWILTSHIRE CC V CREST ESTATES LTD |
| 650 | 2 | 4 | _aLAND COMPENSATION ACT 1973 S1(1) |
| 650 | 2 | 4 | _aLAND CLAUSES CONSOLIDATION ACT 1845 |
| 690 | _aENVIRONMENTAL AND LAND CONSULTANCY-PLANNING AND DEVELOPMENT-COMPULSORY PURCHASE AND COMPENSATION | ||
| 942 | _n0 | ||
| 999 |
_c76053 _d76053 |
||